5HLuxD.jpg

KING HENRY VIII SENIOR AND PRIMARY SCHOOL LIBRARY OPAC

Who stole the Mona Lisa? / (Record no. 3379)

000 -LEADER
fixed length control field 01349nam a22002537a 4500
005 - DATE AND TIME OF LATEST TRANSACTION
control field 20231127120853.0
008 - FIXED-LENGTH DATA ELEMENTS--GENERAL INFORMATION
fixed length control field 231127b ||||| |||| 00| 0 eng d
020 ## - INTERNATIONAL STANDARD BOOK NUMBER
International Standard Book Number 9781597072229
040 ## - CATALOGING SOURCE
Transcribing agency KH8
082 ## - DEWEY DECIMAL CLASSIFICATION NUMBER
Classification number 741.5945 STI
100 ## - MAIN ENTRY--PERSONAL NAME
Personal name Stilton, Geronimo
Relator term Author
245 ## - TITLE STATEMENT
Title Who stole the Mona Lisa? /
Statement of responsibility, etc. Geronimo Stilton
260 ## - PUBLICATION, DISTRIBUTION, ETC.
Place of publication, distribution, etc. New York,
Name of publisher, distributor, etc. Papercutz,
Date of publication, distribution, etc. 2010
300 ## - PHYSICAL DESCRIPTION
Extent 55 pages :
Other physical details color illustrations ;
Dimensions 24 cm.
440 ## - SERIES STATEMENT/ADDED ENTRY--TITLE
Title Geronimo Stilton graphic novel
Volume/sequential designation 6
500 ## - GENERAL NOTE
General note Translation by Nanette McGuinness<br/>Includes special preview of Geronimo Stilton graphic novel #7-"Dinosaurs in action"!<br/>"All-new, full-color Graphic novel"--Cover
520 ## - SUMMARY, ETC.
Summary, etc. When Geronimo Stilton finds out that the Pirate Cats are going back in time to Venice in the year 1517, he knows they must be after one thing: The Mona Lisa! Geronimo and friends must travel to Renaissance Italy to stop the Pirate Cats from stealing the Mona Lisa and taking credit for what is arguably the world's most famous painting. But the Pirate Cats have an ace up their sleeve: someone in Geronimo's crew is an imposter!
546 ## - LANGUAGE NOTE
Language note Translated from the Italian
650 ## - SUBJECT ADDED ENTRY--TOPICAL TERM
Topical term or geographic name entry element Children's stories
650 ## - SUBJECT ADDED ENTRY--TOPICAL TERM
Topical term or geographic name entry element Children's stories Comic books, strips, etc
650 ## - SUBJECT ADDED ENTRY--TOPICAL TERM
Topical term or geographic name entry element Comic books, strips, etc
700 ## - ADDED ENTRY--PERSONAL NAME
Personal name Facciotto,Giuseppe
Relator term Author
942 ## - ADDED ENTRY ELEMENTS (KOHA)
Source of classification or shelving scheme
Koha item type Books - Fiction
Holdings
Withdrawn status Lost status Source of classification or shelving scheme Damaged status Not for loan Collection code Permanent Location Current Location Shelving location Date acquired Total Checkouts Total Renewals Full call number Barcode Date last seen Date last checked out Price effective from Koha item type
          Fiction KH8 Primary School Library KH8 Primary School Library Non Fiction 2023-11-27 24 1 741.5945 STI KHPL000004364 2026-02-10 2026-02-03 2023-11-27 Books - Fiction

Powered By KH8 IT Dept